Taylor Swift mystery lyrics #106 - Statistics

General Stats
  • This quiz has been taken 47 times
  • The average score is 88 of 150
Answer Stats
Answer % Correct
I
97%
and
91%
me
91%
you
91%
You
91%
The
89%
the
89%
be
86%
to
86%
No
83%
on
83%
your
83%
all
77%
go
77%
is
77%
never
77%
when
77%
When
77%
But
71%
said
71%
this
71%
can
69%
I'll
66%
Just
63%
leave
63%
now
63%
Don't
60%
here
60%
Oh
60%
oh
60%
our
57%
You'll
57%
let
54%
look
54%
out
54%
alone
51%
face
49%
one
49%
remember
49%
down
46%
that's
46%
those
46%
eyes
43%
going
43%
gone
43%
Gone
43%
close
40%
Come
40%
hurt
40%
light
40%
safe
40%
sound
40%
alright
37%
Hold
37%
tears
37%
Even
34%
streaming
34%
dead
31%
sun
31%
window
31%
dare
29%
darling
29%
fire
29%
shadows
29%
almost
26%
door
26%
everything's
26%
killed
26%
morning
26%
outside
26%
tonight
26%
war
26%
keeps
23%
lullaby
23%
ragin
23%
music's
20%
passed
20%
No matching quizzes found
Score Distribution
Percent of People with Each Score
Percentile by Number Answered
Your Score History
You have not taken this quiz